000 00497nam a2200193Ia 4500
001 50116
008 140502s9999 xx 000 0 und d
020 _a9788131726921
040 _cPK-LaUMT
082 _a 514
_bADA-I
100 _aAdams, Colin
245 _aIntroduction to topology
_bpure and applied
_cAdams, Colin<>Franzosa, Robert
260 _aNew Delhi,India:
_bPearson,
_c2009
300 _a507 p.
546 _aEN
650 _aTopology
700 _aFranzosa, Robert
942 _cBK
999 _c47778
_d47778